000 00363nam a2200157Ia 4500
005 20250508163005.0
008 008 250505s9999 xx 000 0 hin d
037 _aTextual
040 _aFEDL
_beng
_cFEDL
041 _ahin
_2eng
084 _qFEDL
245 0 _aChampak, V 142-150, 1976
260 _c1969
942 _cTEXL
999 _c1379943
_d1379943